Effects of accelerator type and curing temperature on crosslink distributions and tensile properties of natural-acrylic rubber blends (Record no. 58280)

MARC details
000 -LEADER
fixed length control field 00507nam a2200157Ia 4500
100 ## - MAIN ENTRY--AUTHOR NAME
Personal name Wootthikanokkhan J
245 #0 - TITLE STATEMENT
Title Effects of accelerator type and curing temperature on crosslink distributions and tensile properties of natural-acrylic rubber blends
260 ## - PUBLICATION, DISTRIBUTION, ETC. (IMPRINT)
Name of publisher Rubber Chemistry and Technology
Year of publication 2003
300 ## - PHYSICAL DESCRIPTION
Number of Pages 1116-1127
650 ## - SUBJECT ADDED ENTRY--TOPICAL TERM
Topical Term Curing
650 ## - SUBJECT ADDED ENTRY--TOPICAL TERM
Topical Term Rubber blends
650 ## - SUBJECT ADDED ENTRY--TOPICAL TERM
Topical Term Tensile properties
700 ## - ADDED ENTRY--PERSONAL NAME
Personal name Clythong N
942 ## - ADDED ENTRY ELEMENTS (KOHA)
Koha item type Journals
Holdings
Withdrawn status Lost status Damaged status Not for loan Home library Current library Shelving location Date acquired Serial Enumeration / chronology Koha item type
      Journals RRII Library RRII Library Rubber chemistry 17/12/2021 Volume 76, Issue 5 Journals